000 00358 a2200157 4500
001 68107
020 _a9783126069694
040 _cAnchieta - Pituba
100 _aRösler, Dietmar
240 1 0 _aLernmaterialien und medien
_ldeu / ger
245 1 0 _aLernmaterialien und medien
300 _a187
362 0 _a2017
650 4 _aLíngua alemã
942 _cBK
999 _c68107
_d68107